Statistics for Plutarch's 'Parallel Lives'

Click here to take the quiz!

General Stats

  • This quiz has been taken 6 times
  • The average score is 19 of 48

Answer Stats

% Correct
Greek, 300s BCAlexander the Great
100%
Roman, 1st C. BCJulius Caesar
100%
Roman, mythicRomulus
100%
Greek, mythicTheseus
100%
Greek, 200s BCPyrrhus
80%
Greek, 500s BCSolon
80%
Greek, 400s BCAlcibiades
60%
Roman, 1st C. BCBrutus
60%
Roman, 100s BCCato the Elder
60%
Roman, 1st C. BCCato the Younger
60%
Roman, 1st C. BCCicero
60%
Greek, 300s BCDemosthenes
60%
Roman, 200s BCFabius Maximus
60%
Roman, 100s BCGaius Gracchus
60%
Roman, 1st C. BCMarius
60%
Roman, 1st C. BCMark Anthony
60%
Greek, 400s BCPericles
60%
Roman, 100s BCScipio
60%
Roman, 100s BCTiberius Gracchus
60%
Greek, 400s BCAristides
40%
Roman, 400s BCCamillus
40%
Roman, 1st C. BCCrassus
40%
Roman, 1st C. BCLucullus
40%
Greek, 800s BCLycurgus
40%
Greek, 400s BCLysander
40%
Roman, 200s BCMarcellus
40%
Greek, 400s BCNicias
40%
Greek, 300s BCPelopidas
40%
Greek, 300s BCPhocion
40%
Roman, 1st C. BCPompey the Great
40%
Roman, 1st C. BCSulla
40%
Greek, 400s BCThemistocles
40%
Greek, 300s BCAgesilaus
20%
Greek, 400s BCCimon
20%
Roman, mythicNuma Pompilius
20%
Roman, 100s BCAemilius Paullus
0%
Greek, 200s BCAgis
0%
Greek, 200s BCCleomenes
0%
Roman, 400s BCCoriolanus
0%
Greek, 200s BCDemetrius
0%
Greek, 300s BCDion
0%
Greek, 300s BCEpaminondias
0%
Greek, 300s BCEumenes
0%
Greek, 200s BCPhilopoemen
0%
Roman, 500s BCPoplicola
0%
Roman, 1st C. BCSertorius
0%
Greek, 300s BCTimoleon
0%
Roman, 100s BCTitus Flaminius
0%

Score Distribution

Percentile by Number Answered

Percent of People with Each Score

Your Score History

You have not taken this quiz